Countries with no vowels - Statistics

General Stats
  • This quiz has been taken 19 times
  • The average score is 14 of 15
Answer Stats
Hint Answer % Correct
fghnstn Afghanistan
100%
rmn Armenia
100%
str Austria
100%
Bhms Bahamas
100%
Bhrn Bahrain
100%
Bngldsh Bangladesh
100%
Blrs Belarus
100%
Blgm Belgium
100%
Blz Belize
100%
Bnn Benin
100%
Blv Bolivia
100%
Btswn Botswana
100%
Brzl Brazil
100%
Blgr Bulgaria
100%
Brnd Burundi
100%
Cmbd Cambodia
100%
Chl Chile
100%
Clmb Colombia
100%
Cng Congo
100%
Crt Croatia
100%
Cyprs Cyprus
100%
Czch Czechia
100%
Dmnc Dominica
100%
qcdr Ecuador
100%
swtn Eswatini
100%
Fnlnd Finland
100%
Frnc France
100%
Gbn Gabon
100%
Gmb Gambia
100%
Grmny Germany
100%
Gnn Guinea
100%
Ht Haiti
100%
Hndrs Honduras
100%
Hngry Hungary
100%
Iclnd Iceland
100%
Ind India
100%
Indns Indonesia
100%
rlnd Ireland
100%
Jmc Jamaica
100%
Jpn Japan
100%
Jrdn Jordan
100%
Kzkhstn Kazakhstan
100%
Ksv Kosovo
100%
Kwyt Kuwait
100%
Kyrgyzstn Kyrgyzstan
100%
Ltv Latvia
100%
Lbn Lebanon
100%
Lbr Liberia
100%
Lby Libya
100%
Lchtntn Liechtenstein
100%
Lxmbrg Luxembourg
100%
Mldvs Maldives
100%
Mlt Malta
100%
Mrtn Mauritania
100%
Mcrns Micronesia
100%
Mldv Moldova
100%
Mntngr Montenegro
100%
Mrrcc Morocco
100%
Mzmbq Mozambique
100%
Nmb Namibia
100%
Nr Nauru
100%
Npl Nepal
100%
Nthrlnds Netherlands
100%
Ngr Niger
100%
Ngr Nigeria
100%
mn Oman
100%
Pl Palau
100%
Prgy Paraguay
100%
Phlppns Philippines
100%
Plnd Poland
100%
Qtr Qatar
100%
Rmn Romania
100%
Rss Russia
100%
Rwnd Rwanda
100%
Sm Samoa
100%
Sngl Senegal
100%
Srb Serbia
100%
Srr ln Sierra leone
100%
Sngpr Singapore
100%
Slvk Slovakia
100%
Spn Spain
100%
Sdn Sudan
100%
Swdn Sweden
100%
Swtzrlnd Switzerland
100%
Syr Syria
100%
Tjkstn Tajikistan
100%
Thlnd Thailand
100%
Tg Togo
100%
Tng Tonga
100%
Trkmnstn Turkmenistan
100%
gnd Uganda
100%
krn Ukraine
100%
rgy Uruguay
100%
Vnt Vanuatu
100%
Vnzl Venezuela
100%
Vtnm Vietnam
100%
Ymn Yemen
100%
Zmbbw Zimbabwe
100%
Lthn Lithuania
80%
Cb Cuba
75%
Ls Laos
75%
Lsth Lesotho
75%
Prtgl Portugal
75%
rgntn Argentina
67%
Mlw Malawi
67%
Cnd Canada
50%
srl Israel
50%
Ml Mali
50%
ngl Angola
25%
lbn Albania
0%
lgr Algeria
0%
ndrr Andorra
0%
strl Australia
0%
zrbjn Azerbaijan
0%
Brbd Barbados
0%
Bhtn Bhutan
0%
Brn Brunei
0%
Cmrn Cameroon
0%
Chd Chad
0%
Chn China
0%
Cmr Comoros
0%
Dnmrk Denmark
0%
Djbt Djibouti
0%
gpt Egypt
0%
rtr Eritrea
0%
stn Estonia
0%
thp Ethiopia
0%
Fj Fiji
0%
Grg Georgia
0%
Ghn Ghana
0%
Grcc Greece
0%
Grnd Grenada
0%
Gtml Guatemala
0%
Gyn Guyana
0%
rn Iran
0%
rq Iraq
0%
tly Italy
0%
Kny Kenya
0%
Krb Kiribati
0%
Mdgscr Madagascar
0%
Mlys Malaysia
0%
Mrts Mauritius
0%
Mxc Mexico
0%
Mnc Monaco
0%
Mngl Mongolia
0%
Mynmr Myanmar
0%
Ncrg Nicaragua
0%
Nrwy Norway
0%
Pkstn Pakistan
0%
Pnm Panama
0%
Pr Peru
0%
Slvn Slovenia
0%
Sml Somalia
0%
Srnm Suriname
0%
Twn Taiwan
0%
Tnzn Tanzania
0%
Tns Tunisia
0%
Trky Turkey
0%
Tvl Tuvalu
0%
zbkstn Uzbekistan
0%
Zmb Zambia
0%
No matching quizzes found
Score Distribution
Percent of People with Each Score
Percentile by Number Answered
Your Score History
You have not taken this quiz